| 000 | 00516nam a22001937a 4500 | ||
|---|---|---|---|
| 003 | OSt | ||
| 005 | 20180116182957.0 | ||
| 008 | 140528b xxu||||| |||| 00| 0 eng d | ||
| 020 | _a97875085510682 | ||
| 040 |
_a0 _b0 _c0 |
||
| 082 | _a951XIN2005 | ||
| 100 | _aXinjiang | ||
| 245 | _aThe Four Seasons in Xinjian Photo Collection | ||
| 260 |
_aChina _bChina International Press _c2005 |
||
| 300 |
_a295p. _bHB |
||
| 440 | _aThe Four Seasons in Xinjian Photo Collection | ||
| 600 | _aXinjiang | ||
| 942 |
_2ddc _cBK |
||
| 999 |
_c349689 _d349689 |
||